United Nations annual forest products market review referring to 1982 and early months of 1983

Na minha lista:
Detalhes bibliográficos
Formato: Livro
Idioma:inglês
Publicado em: Geneva United Nations 1983
Tags: Adicionar Tag
Sem tags, seja o primeiro a adicionar uma tag!

MARC

LEADER 00000nam a2200000 4500
001 c134580
005 20221123135905.2
041 0 |a eng 
044 |a CH 
245 1 0 |a United Nations  |b annual forest products market review referring to 1982 and early months of 1983 
264 1 |a Geneva  |b United Nations  |c 1983 
300 |a 31 s.